00884nam a22002777a 450000500170000000800410001701000100005801100100006803500100007808200170008810000280010524500660013326000370019930000190023650000110025559000410026659000410030759000410034859000420038965000320043165000340046370000270049790100070052494900580053199900170058920220329141228.0971010s1988 r 00010 d a64767 a65739 a73036 a634.955bZ6y00aZobel, Bruce J.9124131 aTécnicas de mejoramiento genético de árboles forestales aMéxico, D. F. :bLimusa,c1988 a545 p.b: ilus a1992/8 aBATCH-UPDb10c20130110lUCH01h0923 aBATCH-UPDb10c20130410lUCH01h0544 aBATCH-UPDb10c20130914lUCH01h1537 aCONVERSIONb10c20130109lUCH01h133514aGenética forestal.94748914aPlantasxMejoramiento.9888490 aTalbert, John.9111406 aBK a634.955 Z6ybDCFcLIBROd-5794eLIBROh3900i73036si c64767d64767